La problemática urbana hoy en Colombia / (Registro nro. 4132)

Detalles MARC
000 -LEADER
fixed length control field 00999nam a2200241Ia 4500
003 - CONTROL NUMBER IDENTIFIER
control field OSt
005 - DATE AND TIME OF LATEST TRANSACTION
control field 20200513084928.0
008 - FIXED-LENGTH DATA ELEMENTS--GENERAL INFORMATION
fixed length control field 191128s1982 ck gr 000 0 spa d
040 ## - CATALOGING SOURCE
Original cataloging agency CO-JMCR
Transcribing agency CO-JMCR
041 0# - LANGUAGE CODE
Language code of text/sound track or separate title spa
082 04 - DEWEY DECIMAL CLASSIFICATION NUMBER
Classification number 307.1211 /
Item number A973p
100 1# - MAIN ENTRY--PERSONAL NAME
Personal name Ayala, Ulpiano,
Relator term autor
9 (RLIN) 4211
245 10 - TITLE STATEMENT
Title La problemática urbana hoy en Colombia /
Statement of responsibility, etc. Ulpiano Ayala, Luz A. Fonseca, Jorge Lotero, [y otros trece]
260 ## - PUBLICATION, DISTRIBUTION, ETC.
Place of publication, distribution, etc. Bogotá :
Name of publisher, distributor, etc. Centro de Investigación y Educación Popular,
Date of publication, distribution, etc. 1982
300 ## - PHYSICAL DESCRIPTION
Extent 332 Páginas ;
Dimensions 22 cm.
490 0# - SERIES STATEMENT
Series statement Teoría y Sociedad ;
Volume/sequential designation 7
505 ## - FORMATTED CONTENTS NOTE
Formatted contents note Las investigaciones sobre empleo y pobresa y movimientos sociales en el CEDE de la Universida de los Andes -- Informalidad y espacio urbano habitacional -- La pequeña producción mercantil en la economía urbana
650 14 - SUBJECT ADDED ENTRY--TOPICAL TERM
Topical term or geographic name entry element Urbanismo Sociología
9 (RLIN) 4212
650 24 - SUBJECT ADDED ENTRY--TOPICAL TERM
Topical term or geographic name entry element Economía urbana
9 (RLIN) 4213
700 1# - ADDED ENTRY--PERSONAL NAME
Personal name Luz A. Fonseca,
Relator term autora
9 (RLIN) 4214
700 1# - ADDED ENTRY--PERSONAL NAME
Personal name Jorge Lotero,
Relator term autor
9 (RLIN) 4215
942 ## - ADDED ENTRY ELEMENTS (KOHA)
Source of classification or shelving scheme Dewey Decimal Classification
Koha item type Books
Existencias
Withdrawn status Lost status Source of classification or shelving scheme Materials specified (bound volume or other part) Damaged status Not for loan Home library Current library Shelving location Date acquired Source of acquisition Cost, normal purchase price Total Checkouts Full call number Barcode Date last seen Copy number Price effective from Koha item type
    Dewey Decimal Classification Donación--15/06/2018--     Biblioteca Pública José María del Castillo y Rada Biblioteca Pública José María del Castillo y Rada General Stacks 11/28/2019 Donación 0.00   307.1211 / A973p 201808951 05/16/2024 Ej.1 11/28/2019 Books